Kraď jako umělec : 10 věcí, které ti nikdo neřekl o kreativitě /
Rady a tipy, jak úspěšně kopírovat nápady talentovaných lidí a pak je využít ve své vlastní kreativní práci, která by nás naplňovala a ve které bychom mohli vyniknout.
Uloženo v:
| Hlavní autor: | |
|---|---|
| Médium: | E-kniha |
| Jazyk: | Czech |
| Vydáno: |
V Brně :
Jan Melvil,
2012
|
| Vydání: | Vyd. 1. |
| Edice: | Briquet
|
| Témata: | |
| On-line přístup: | Plný text - pro registrované uživatele NK ČR |
| Příbuzné jednotky: | Přeloženo z:
Steal like an artist |
| Tagy: |
Žádné tagy |
| LEADER | 02777nam a2200457 a 4500 | ||
|---|---|---|---|
| 001 | 311598 | ||
| 003 | CZ PrSKC | ||
| 005 | 20260601215708.0 | ||
| 007 | ta | ||
| 008 | 121005s2012 xr ac e f 000 0 cze | ||
| 015 | |a cnb002409746 | ||
| 020 | |a 9788087270363 |q (brož.) | ||
| 035 | |a (OCoLC)823820942 | ||
| 040 | |a OLA001 |b cze |d ABA001 | ||
| 041 | 1 | |a cze |h eng | |
| 072 | 7 | |a 159.95 |x Vyšší duševní procesy |2 Konspekt | |
| 080 | |a 159.954 |2 MRF | ||
| 080 | |a (035) |2 MRF | ||
| 100 | 1 | |a Kleon, Austin |7 pna2012730206 |4 aut | |
| 245 | 1 | 0 | |a Kraď jako umělec : |b 10 věcí, které ti nikdo neřekl o kreativitě / |c Austin Kleon ; [přeložil Michal Kašpárek] |
| 246 | 3 | |a Deset věcí, které ti nikdo neřekl o kreativitě | |
| 246 | 3 | 0 | |a 10 věcí, které ti nikdo neřekl o kreativitě |
| 250 | |a Vyd. 1. | ||
| 260 | |a V Brně : |b Jan Melvil, |c 2012 | ||
| 300 | |a 148 s., [11] s. : |b il., 1 portrét ; |c 16 cm | ||
| 490 | 1 | |a Briquet | |
| 500 | |a Přeloženo z angličtiny | ||
| 520 | 2 | |a Rady a tipy, jak úspěšně kopírovat nápady talentovaných lidí a pak je využít ve své vlastní kreativní práci, která by nás naplňovala a ve které bychom mohli vyniknout. | |
| 520 | 2 | |a Umělec Austin Kleon dospívá k moudrému závěru, že absolutní původnost v jakékoli oblasti tvorby je v digitální době nedosažitelný cíl. Vše, co vytvoříme, je produktem naší zkušenosti a naše zkušenost je souhrn všeho, co prošlo našimi geny a smysly. Je nutné se s tím smířit. Tvorba už bude VŽDY krádež. Teď jde o to, jak krást (tvořit) se ctí: tedy tak, abychom navzdory všem výpůjčkám přinesli něco nového a měli z výsledků naší práce radost. Knížka je uspořádána do deseti kapitol: každá kapitola nasvětluje mechanismus kreativity z jiného úhlu a prakticky manifestuje možnosti, jak se vyrovnat s nástrahami plagiátorství. Nakladatelská anotace. | |
| 650 | 0 | 7 | |a kreativita |7 ph121937 |2 czenas |
| 650 | 0 | 9 | |a creative ability |2 eczenas |
| 655 | 7 | |a příručky |7 fd133209 |2 czenas | |
| 655 | 9 | |a handbooks and manuals |2 eczenas | |
| 765 | 0 | |t Steal like an artist | |
| 830 | 0 | |a Briquet | |
| 856 | 4 | 1 | |u https://www.bookport.cz/AccountSaml/SignIn/?idp=https%3A%2F%2Fshibboleth.nkp.cz%2Fidp%2Fshibboleth&returnUrl=/kniha/krad-jako-umelec-6871/ |y Plný text - pro registrované uživatele NK ČR |4 N |
| 900 | |a ABA001 |b 18 | ||
| 044 | |a xr | ||
| 910 | |a RBIT002 | ||
| 998 | |d 355805 |a https://core.palmknihy.cz/api/books/355805/cover?rdvde9 |b https://core.palmknihy.cz/api/books/355805/cover/400?rdvde9 |c https://core.palmknihy.cz/api/books/355805/cover/50?rdvde9 |e |g 160 |i 9788087270363 |j https://core.palmknihy.cz/api/books/355805/preview.epub |l |q 49 |r 1 |s https://www.palmknihy.cz/kniha/355805 |t ebook |y 2012 |z 0 | ||
| 999 | |d 311596 | ||